000
00327nam a2200157Ia 4500
100
_a
Calcutt/David/ Cowan/Fred
650
_a
Microcontroller
942
_c
BK
366
_f
25
654
_a
8051
245
_a
8051 Microcontroller
260
_b
Elsevier
_c
2004
082
_a
4.16
_b
CAL
300
_a
408
546
_a
ENGLISH
999
_c
23780
_d
23780